000 01120cam a22002651i 4500
003 SA-RiAUC
005 20250128131301.0
008 250106s2009 su g 000 0aara c
040 _aSA-RiKSU
_bara
_cSA-RiAUC
_erda
050 4 _bZ45 2009
082 0 4 _a928.1
_qSA-RiAUC
090 _a928.1
_b م ن ا
100 1 _aمناع، عبد الله سليمان عبد الله،
_d1358 هجري-
_eمؤلف.
245 1 0 _aبعض الأيام بعض الليالي :
_bأطراف من قصة حياتي /
_cعبد الله مناع.
250 _aالطبعة الثانية.
264 1 _aجدة، السعودية :
_bدار المرسى للنشر والتوزيع،
_c2009
300 _a339 صفحة ؛
_c24 سم
336 _aنص
_btxt
_2rdacontent
_3كتاب
337 _aبدون وسيط
_bn
_2rdamedia
338 _aمجلد
_bnc
_2rdacarrier
600 1 7 _aمناع، عبد الله سليمان عبد الله،
_d1358 هجري-
_vيوميات
_2aucnm
650 7 _aالأدباء السعوديون
_vتراجم
_2aucsh
942 _2ddc
_cBOOK
_n0
949 _aSA-JeALM
_d250106
_umohamedma123
_n1
999 _c5339
_d5339